Horské hnízdo
| Main Author: | |
|---|---|
| Format: | Book |
| Language: | Undetermined |
| PhysicalDescription: | 48 s. |
| Published: |
Praha
Jos. R. Vilímek
1947
|
MARC
| LEADER | 00000nam a2200000 a 4500 | ||
|---|---|---|---|
| 001 | vtls001360930 | ||
| 003 | SK-MaSNL | ||
| 005 | 20260301010654.0 | ||
| 008 | 240314s1947 xx 0 und | ||
| 035 | |a SNK000314497 | ||
| 040 | |a SNK |b slo |c SNK |e AACR2 | ||
| 100 | 1 | |a Šmrhová, Marie |4 aut |9 292849 | |
| 245 | 1 | 0 | |a Horské hnízdo |
| 260 | |a Praha |b Jos. R. Vilímek |c 1947 | ||
| 300 | |a 48 s. | ||
| 999 | |c 548784 |d 550714 | ||
| 952 | |t P60, <04>, [BOOK], {604} |a SNK |b SNK |y VYP |7 0 |p 17A0188509 |o snkID 3355/7 |0 0 |1 0 |4 0 |d 1999-04-20 |l 0 |r 2005-01-02 00:00:00 |w 2026-02-23 | ||


